Vogel's Textbook of practical organic chemistry. (Record no. 11940)
[ view plain ]
| 000 -LEADER | |
|---|---|
| fixed length control field | 01353pam a2200325 a 4500 |
| 001 - CONTROL NUMBER | |
| control field | 3384576 |
| 005 - DATE AND TIME OF LATEST TRANSACTION | |
| control field | 20240818092920.0 |
| 008 - FIXED-LENGTH DATA ELEMENTS--GENERAL INFORMATION | |
| fixed length control field | 881216s1989 enka bf 001 0 eng |
| 010 ## - | |
| -- | 88036786 |
| 020 ## - INTERNATIONAL STANDARD BOOK NUMBER | |
| International Standard Book Number | 0470214147 (U.S.) |
| 040 ## - CATALOGING SOURCE | |
| Original cataloging agency | DLC |
| Transcribing agency | DLC |
| Modifying agency | DLC |
| 050 00 - LIBRARY OF CONGRESS CALL NUMBER | |
| Classification number | QD261 |
| Item number | .V63 1989 |
| 082 00 - DEWEY DECIMAL CLASSIFICATION NUMBER | |
| Classification number | 547 |
| Edition number | 22 |
| Item number | VOG |
| 100 1# - MAIN ENTRY--PERSONAL NAME | |
| Personal name | Vogel, Arthur Israel. |
| 9 (RLIN) | 6611 |
| 245 10 - TITLE STATEMENT | |
| Title | Vogel's Textbook of practical organic chemistry. |
| Statement of responsibility, etc | rev. by Brian S. Furniss ... [et al.]. |
| 250 ## - EDITION STATEMENT | |
| Edition statement | 5th ed. |
| 260 ## - | |
| -- | London : |
| -- | Longman Scientific & Technical ; |
| -- | New York : |
| -- | Wiley, |
| -- | 1989. |
| 300 ## - PHYSICAL DESCRIPTION | |
| Extent | xxviii, 1514 p. : |
| Other physical details | ill. ; |
| Dimensions | 24 cm. |
| 336 ## - CONTENT TYPE | |
| Source | rdacontent |
| Content type term | text |
| Content type code | txt |
| 337 ## - MEDIA TYPE | |
| Media type term | unmediated |
| Source | rdamedia |
| Media type code | n |
| 338 ## - CARRIER TYPE | |
| Carrier type term | volume |
| Carrier type code | nc |
| Source | rdacarrier |
| 500 ## - GENERAL NOTE | |
| General note | Fourth ed. published in 1978 under title: Vogel's Textbook of practical organic chemistry, including qualitative organic analysis. |
| 504 ## - BIBLIOGRAPHY, ETC. NOTE | |
| Bibliography, etc | Includes bibliographies and index. |
| 650 #0 - SUBJECT ADDED ENTRY--TOPICAL TERM | |
| Topical term or geographic name as entry element | Chemistry, Organic |
| General subdivision | Laboratory manuals. |
| 9 (RLIN) | 6612 |
| 650 #0 - SUBJECT ADDED ENTRY--TOPICAL TERM | |
| Topical term or geographic name as entry element | Chemistry, Analytic |
| General subdivision | Qualitative. |
| 9 (RLIN) | 6613 |
| 700 1# - ADDED ENTRY--PERSONAL NAME | |
| Personal name | Furniss, Brian S. |
| Fuller form of name | (Brian Stanley), |
| Dates associated with a name | 1941- |
| 9 (RLIN) | 6614 |
| 700 1# - ADDED ENTRY--PERSONAL NAME | |
| Personal name | Vogel, Arthur Israel. |
| Title of a work | Vogel's Textbook of practical organic chemistry, including qualitative organic analysis. |
| 9 (RLIN) | 6615 |
| 740 0# - ADDED ENTRY--UNCONTROLLED RELATED/ANALYTICAL TITLE | |
| Uncontrolled related/analytical title | Textbook of practical organic chemistry. |
| 942 ## - ADDED ENTRY ELEMENTS (KOHA) | |
| Source of classification or shelving scheme | Dewey Decimal Classification |
| Koha item type | Book - Borrowing |
| Classification part | RDA-MOD |
| Withdrawn status | Lost status | Source of classification or shelving scheme | Damaged status | Not for loan | Collection code | Home library | Current library | Shelving location | Date acquired | Source of acquisition | Cost, normal purchase price | Total Checkouts | Total Renewals | Full call number | Barcode | Date last seen | Date checked out | Price effective from | Koha item type |
|---|---|---|---|---|---|---|---|---|---|---|---|---|---|---|---|---|---|---|---|
| Dewey Decimal Classification | Alef-Baa | Central Library | Central Library | First floor | 22/06/2009 | 150.00 | 3 | 16 | 547 VOG | 000017044 | 28/09/2025 | 07/04/2025 | 22/06/2009 | Book - Borrowing |